000 00392nam a2200145 i 4500
001 bg
100 1 _aOLIFIEROWICZ, Jerzy
245 0 _aOsuszanie budowli z wilgoci podciąganej kapilarnie /
_cJerzy Olifierowicz, Wojciech Nawrot.
260 _aWarszawa,
_c1981.
700 1 _aNAWROT, Wojciech
040 _cBPK
041 _apol
942 _cKS
008 s pl f |000 0 pol
999 _c19976
_d19976
856 _uhttp://koha.tu.koszalin.pl/cgi-bin/koha/opac-detail.pl?biblionumber=19976
_yKatalog online BPK